Statistiques concernant Quelle ville commençant par B?

Cliquez ici pour prendre le quiz!

Statistiques générales

  • Ce quiz a été pris 1 155 fois
  • Le résultat moyen est 13 sur 20

Statistiques - réponses

HintRéponse% Correct
Un mur séparait la ville jusqu'en 1989Berlin
100%
Capitale de l'Union européenneBruxelles
97%
Capitale du BrésilBrasilia
96%
On peut y contempler la Sagrada FamiliaBarcelone
95%
Chef-lieu de la GirondeBordeaux
92%
Elle est la capitale argentineBuenos Aires
91%
En N.B.A, c'est la ville des CelticsBoston
85%
Capitale de la ThailandeBangkok
84%
Elle est aussi connue sous le nom de MumbaiBombay
79%
Elle était la capitale de l'ex-YougoslavieBelgrade
75%
Capitale de l'Irlande du NordBelfast
74%
La deuxième plus grande ville d'AngleterreBirmingham
69%
Elle est la troisième ville australienne la plus peupléeBrisbane
57%
La capitale traversée par le TigreBagdad
51%
Elle est surnommée "l'Athènes Sud-Américaine"Bogota
46%
Capitale africaine fondée par les NiaréBamako
38%
Capitale économique du BurundiBujumbura
29%
Elle est le siège de la plus ancienne université au mondeBologne
26%
Port le plus important de la Corée du SudBusan
25%
Ville où mourut le peintre Jan Van EyckBruges
23%

Distribution des résultats

Percentile par nombre de réponses

% des personnes avec chaque résultat

Votre développement - résultats

Vous n’avez pas pris ce quiz